200 Tiny Clickable Posters Quiz Stats

 Plays Quiz Updated Aug 12, 2017

Also try: Movie Posters
Challenge
Share
Tweet
Score 0/200 Timer 20:00
1 Play Today
% Correct
146
80%
156
78.3%
162
77.1%
164
76.8%
9
76.8%
58
76.3%
50
75.5%
169
75.4%
184
74.4%
120
73.7%
114
72.8%
80
72.6%
134
72.5%
144
71.9%
82
71.8%
200
71.8%
70
71.2%
14
69.3%
172
68.3%
26
67.7%
111
67.3%
101
66.8%
154
66.5%
38
66.4%
131
65.3%
158
65.1%
107
64.6%
29
64.5%
151
64.5%
188
64%
1
63.3%
55
63.2%
147
62.9%
187
62.9%
37
61.8%
56
61.2%
11
60.7%
93
59.5%
32
58.7%
92
58.6%
161
58.4%
166
57.8%
5
57.5%
6
57.2%
73
56.7%
160
56.4%
33
56.3%
128
56.2%
45
55.3%
124
55.1%
48
54.9%
74
54.7%
25
54.2%
135
53.6%
43
53.3%
149
53%
199
52.6%
46
52.4%
64
51.3%
8
51%
49
50.5%
126
50.4%
62
50.1%
10
49.7%
22
49.7%
100
49.5%
195
49.4%
% Correct
19
49.3%
137
49%
84
48.9%
127
48.6%
110
48.3%
174
48.2%
65
47.8%
2
47.7%
97
47.7%
140
47%
194
46.9%
152
46.8%
108
46.6%
20
46.4%
141
46.2%
31
45.9%
15
45.6%
170
45.6%
155
45.4%
81
45.3%
142
45.2%
16
44.9%
139
44.7%
98
44.7%
105
44.5%
27
44%
21
43.5%
102
42.7%
177
42.6%
87
42.5%
103
42.3%
40
42.2%
35
41.9%
17
41.9%
91
41.9%
47
41.8%
125
41.7%
28
41.6%
90
41.5%
42
40.8%
165
39.9%
192
39.8%
138
39.6%
113
39.3%
94
38.9%
53
38%
67
37.8%
36
37.7%
159
37.6%
63
37.4%
171
37.4%
54
37.3%
23
37.2%
176
37.1%
106
35.9%
12
35.6%
115
35.4%
193
35.4%
79
35.3%
143
35.1%
181
34.9%
121
34.7%
3
34.4%
7
34.3%
96
33.4%
76
33.3%
163
33.3%
% Correct
119
33.2%
75
32.9%
175
32.7%
68
32.7%
59
32.7%
69
32.6%
132
32.5%
34
32.4%
60
32%
150
31.9%
180
31.8%
130
31.6%
173
31.6%
39
31.5%
183
31.4%
145
31.2%
95
30.8%
85
30.5%
51
29.9%
186
29.9%
116
29.4%
78
29.1%
41
28.8%
104
28.3%
88
28.1%
168
28%
190
27.9%
197
27.9%
61
27.8%
185
27.7%
24
27.6%
66
26.8%
191
26.7%
196
26.4%
122
26.2%
18
26.1%
86
25.8%
83
25.7%
118
25.7%
44
25.6%
71
25.5%
153
25.5%
167
25.3%
52
25.3%
30
24.6%
123
24%
133
23%
89
22.3%
77
22.2%
182
22.1%
117
21.2%
109
21.1%
57
21.1%
178
20.8%
198
20.7%
4
20.4%
112
19.5%
136
19.3%
129
18.8%
13
18.7%
72
17.3%
148
17.3%
179
17%
189
16.7%
157
16.5%
99
16.2%

You're not logged in!

Compare scores with friends on all Sporcle quizzes.
OR
Log In

You Might Also Like...

Show Comments

Extras

Top Quizzes Today


Score Distribution

Your Account Isn't Verified!

In order to create a playlist on Sporcle, you need to verify the email address you used during registration. Go to your Sporcle Settings to finish the process.

Report this User

Report this user for behavior that violates our Community Guidelines.

Details: